000 00854cam a22002411i 4500
003 SA-RiAUC
005 20250715060031.0
008 250714s1984 su g 000 0 ara c
040 _aSA-EnSBSSC
_bara
_cSA-RiAUC
_erda
082 0 4 _a398.809531
_qSA-RiAUC
090 _a398.809531
_bن ص ي
100 1 _aنصيف، حسن يوسف،
_d1340-1428 هجري
_eمؤلف.
245 1 0 _aبسمات /
_cحسن نصيف.
250 _aالطبعة الأولى.
264 1 _aجدة، السعودية :
_bتهامة،
_c1984
300 _a101 صفحة ؛
_c24 سم
336 _aنص
_btxt
_2rdacontent
_3كتاب
337 _aبدون وسيط
_bn
_2rdamedia
338 _aمجلد
_bnc
_2rdacarrier
650 7 _aالشعر العربي
_zالسعودية
_yقرن 14 هجري.
_2aucsh
942 _2ddc
_cBOOK
_n0
949 _aSA-JeALM
_d250714
_umohamedma123
_n1
999 _c9920
_d9920